All Season 2 Characters - Statistics

General Stats
  • This quiz has been taken 10 times
  • The average score is 8 of 49
Answer Stats
HINT Answer % Correct
Player 456 Seong Gi-hun
60%
Player 124 Nam-gyu
50%
Player 230 Thanos
50%
Player 100 Im Jeong-dae
40%
Mercenary Hired by Hwang Jun-ho Kim
40%
Player 222 Kim Jun-hee
40%
Player 095 Kim Young-mi
40%
Player 390 Park Jung-bae
40%
Player 007 Park Yong-sik
40%
Player 380 Se-mi
40%
Player 044 Seon-nyeo
40%
Doll Young-hee
40%
Police Officer Hwang Jun-ho
30%
Player 149 Jang Guem-ja
30%
The Recruiter The Salesman
30%
Working In Seoul, South Korea Broker
20%
Player 120 Cho Hyun-ju
20%
Player 001 / Frontman Hwang In-ho
20%
Player 196 Kang Mi-na
20%
Player 333 Lee Myung-gi
20%
Player 198 Jang Do-yeong
10%
Player 388 Kang Dae-ho
10%
Guard 11 Kang No-eul
10%
Player 444 Kim Nam-du
10%
Player 283 Lee Eun-ju
10%
Player 246 Park Gyeong-seok
10%
Player 006 Park Mi-hwa
10%
Player 125 Park Min-su
10%
Player 343 Sim Jae-seok
10%
Played Rock Paper Scissors Minus One and won by disqualification Choi Woo-seok
0%
Player 067's Brother Kang Cheol
0%
Player 203 Kim Gi-min
0%
Played Rock Paper Scissors Minus One and lost by disqualification Kim Jeong-rae
0%
Player Kim Yeong-sam
0%
Player 353 Kim Yun-tae
0%
Player 047 Kwon Byeong-su
0%
Player 336 Lee Seung-won
0%
Square Masks Managers
0%
Dressed in all black Masked Manager
0%
Organ Trafficker / Soldier Number 001
0%
Organ Trafficker / Soldier Number 002
0%
Mother of Hwang In-ho and Hwang Jun-ho Park Mal-soon
0%
Daughter of Player 246 Park Na-yeon
0%
Pink Suits (Give directions) Pink Guards
0%
Mom of Player (2??) Player 218's Mom
0%
Captain of a ship Sea Captain Park
0%
Player 456's Daughter Seong Ga-yeong
0%
Triangle Masks Soldiers
0%
Circle Masks Workers
0%
No matching quizzes found
Score Distribution
Percent of People with Each Score
Percentile by Number Answered
Your Score History
You have not taken this quiz